000 00706nam a2200229Ii 4500
003 JO-AjNU
008 230605s9999||||xx |||||||||||||| ||und||
017 _a2001/12/2516
020 _a9957-11-245-7
040 _aJO-AjNU
_bara
_erda
_cJO-AjNU
041 _aara
050 1 4 _aHD37.A7.L3862.2007
100 3 _aاللوزي،موسى,
_eauthor
_929120
245 0 0 _aالتنظيم واجراءات العمل
250 _aط2
264 3 1 _aعمان:دار وائل للنشر والتوزيع،2007
300 _a270ص
336 _atext
_btxt
_2rdacontent
337 _aunmediated
_bn
_2rdamedia
338 _avolume
_bnc
_2rdacarrier
650 4 _aتنظيم العمل-ظروف العمل
_929121
999 _aA11380
_c14948
_d14948